000 00892nam a22002297a 4500
005 2010080904534.0
010 _aENG-99050
020 _c700.00
035 _aEN-82582
037 _bDBAD/PUB
082 _a745.50954
245 _aCrafts and craftsmanship :
_bstudies in traditional knowledge in India /
_cedited by Lok Nath Soni [and] B. Franscis Kulirani
260 _aKolkata
_bAnthropological Survey of India
_c2009
270 _a27 Jawaharlal Nehru Road
_bKolkata
_e700016
300 _aV.1 (320p.)
_c24cm (Hb)
_eb&w photos
650 _aHandicraft-India
_99163
650 _aWorkmanship
_99164
700 _aSoni, Lok Nath
_99165
700 _aKulirani, B. Francis
_99166
942 _2ddc
_cEN
_h745.50954
_mCRA
999 _c40288
_d40288